01193nam a2200313Ia 450000500170000000800280001702000180004510000230006324500750008625000190016130000640018049000150024453400130025965000400027265000380031265000440035065000590039465000590045370000340051294200150054626400400056133600270060133700330062833800280066104000350068908400110072499900150073595201290075020220317000242.0141031s9999 ck 000 0 spa d a97860740021641 aChmielewska, Iwona14aDos personas cIwona Chmielewska ; traducción del coreano Agatha Yoo a1a. edición. a[31] páginas sin enumerarbilustraciones en colorc29 cm. aTravesía tDu saram142LEMBaÁlbumes infantiles coreanos142LEMBaLiteratura infantil coreana142LEMBaConvivenciavÁlbumes infantiles142LEMBaRelaciones interpersonalesvÁlbumes infantiles142LEMBaRelaciones interpersonalesvÁlbumes infantiles1 aYoo, Agathaetraductor911168 2loccBKINF aMéxicobOcéano Travesíac2009 atextobtxt2rdacontent asin mediaciónbn2rdamedia avolumenbnc2rdacarrier aCO-BoRNBPbspaerdacCO-BoRNBP aA CHM1 c3526d3526 00102ddc40708INFaMELAJULIbMELAJULIcLITd2024-09-17l0oA CHM1pJUL00007r2024-09-17 17:01:46tEj.1w2024-09-17yBKINF